Welcome to the Holygrace Academy Library

Please use search bar below to get started

SIMPLIFIED CHEMISTRY (Record no. 708)

MARC details
000 -LEADER
fixed length control field 00283nam a22001217a 4500
082 ## - DEWEY DECIMAL CLASSIFICATION NUMBER
Classification number 540
Item number GUP/S
100 ## - MAIN ENTRY--AUTHOR NAME
Personal name ANAMIKA GUPTA
245 ## - TITLE STATEMENT
Title SIMPLIFIED CHEMISTRY
Remainder of title CLASS XII
260 ## - PUBLICATION, DISTRIBUTION, ETC. (IMPRINT)
Place of publication DELHI
Name of publisher ASIAQN PUBLISHERS
300 ## - PHYSICAL DESCRIPTION
Number of Pages 748
650 ## - SUBJECT ADDED ENTRY--TOPICAL TERM
Topical Term CHEMISTRY FOR CLASS XII
Geographic subdivision INDIA
942 ## - ADDED ENTRY ELEMENTS (KOHA)
Koha item type Books
Holdings
Withdrawn status Lost status Collection code Home library Current library Shelving location Date acquired Source of acquisition Full call number Accession Number Koha item type
    Reference Main Library Main Library SHELF 9 D PLUS 2 CHEMISTRY 18/03/2006 purchase 540 GUP/S 02284 Books